000 00865nam a2200193Ia 4500
999 _c39241
_d39241
001 5827
003 GE_BSU
005 20190621183020.0
008 181216s1983||||ge |||||||||||||| ||geo||
041 _ageo
080 _a621.316(075.8) ს-56
100 _aსიხარულიძე,ა.
_92758
245 _aსინუსოიდურად ცვლადი დენის ელექტრული წრედი /
_cა. სიხარულიძე ; რედ : მ.ძიძიგური.
264 _aთბილისი :
_bსპი,
_c1983.
300 _a150 გვ .:
_bნახაზ ;
_c20 სმ.
653 _aსინუსოიდურად ცვლადი დენის ელექტრული წრედი
700 _aძიძიგური, მ.
_eრედაქტორი
_9472
942 _cBK
_2udc